000 00476nam a2200181Ia 4500
005 20240801030946.0
008 240331s9999 xx 000 0 und d
020 _a9555800669
082 _bWEE
_a376
100 _aWeeratunge,N
245 0 _aAspects of ethnicity and gender among the Rodi of Sri Lanka
250 _a2 nd
260 _aColombo
_bInternational Centre For Ethnic Studies
_c2002
300 _a142 p .,
650 _aGender
650 _aEthnicity
942 _cL
999 _c5632
_d5632